| 000 | 00000cas 2200000zi 4500 |
| 001 | 9.941812 |
| 003 | CaOODSP |
| 005 | 20251208075908 |
| 006 | m o d f |
| 007 | cr cn |||||||| |
| 008 | 240813c20239999qucar p o s f0###a0eng d |
| 022 | |a2818-5226 |
| 040 | |aCaOODSP|beng|erda|cCaOODSP |
| 043 | |an-cn--- |
| 086 | 1 |aST96-22E-PDF |
| 222 | 0|aCanada's space sector industry snapshot |
| 245 | 00|aCanada's space sector industry snapshot. |
| 264 | 1|a[Saint-Hubert, Québec] : |bCanadian Space Agency = Agence spatiale canadienne, |c[2024]- |
| 310 | |aAnnual |
| 336 | |atext|btxt|2rdacontent |
| 337 | |acomputer|bc|2rdamedia |
| 338 | |aonline resource|bcr|2rdacarrier |
| 362 | 1 |aBegan with: 2023. |
| 500 | |aIssued also in French under title: Vue d'ensemble du secteur spatial canadien. |
| 550 | |aDeveloped in collaboration with Space Canada, 2023- |
| 588 | |aDescription based on: 2023; title from PDF cover page. |
| 588 | |aLatest issue consulted: 2023. |
| 650 | 0|aSpace industrialization|zCanada|vStatistics|vPeriodicals. |
| 650 | 0|aAstronautics and state|zCanada|vStatistics|vPeriodicals. |
| 655 | 7|aPeriodicals|2lcgft |
| 655 | 7|aStatistics|2lcgft |
| 710 | 2 |aCanadian Space Agency, |eissuing body. |
| 775 | 08|tVue d'ensemble du secteur spatial canadien.|w(CaOODSP)9.941811 |